|
|
|
|
| LEADER |
00000ckm a2200000 a 4500 |
| 001 |
vtls011598128 |
| 003 |
SK-MaSNL |
| 005 |
20260512130406.0 |
| 007 |
kp ho |
| 008 |
230706q1916 xo g kuhun |
| 015 |
|
|
|a SNBG1916
|
| 035 |
|
|
|a urn:nbn:sk:snk-km00fc1r
|
| 035 |
|
|
|a urn:nbn:sk:snk-km45us5
|
| 035 |
|
|
|a 9D030936-6FFE-44BF-A44C-B9112773F2BC
|
| 040 |
|
|
|a SNK
|b slo
|c SNK
|e AACR2
|
| 041 |
0 |
|
|a hun
|
| 043 |
|
|
|a e-xo---
|
| 044 |
|
|
|a xo
|c SK
|
| 072 |
|
7 |
|a 913
|x Regionálna geografia
|2 konspekt
|
| 080 |
|
|
|a 913(437.6)
|2 2011
|
| 080 |
|
|
|a 904(084.121)
|2 2011
|
| 080 |
|
|
|a 726:27-523.42
|2 2011
|
| 080 |
|
|
|a 726:2-523.6
|2 2011
|
| 080 |
|
|
|a 721
|2 2011
|
| 080 |
|
|
|a 711.73
|2 2011
|
| 245 |
0 |
0 |
|a Besztercebánya
|h grafika
|b Hengermalom és zárda
|
| 260 |
|
|
|a [Banská Bystrica]
|b Strelinger Bernát
|c [1916?]
|
| 300 |
|
|
|a 1 pohľadnica
|b kolorovaná
|c 9 x 14 cm
|
| 500 |
|
|
|a Názvové údaje prevzaté z obrazovej časti pohľadnice
|
| 500 |
|
|
|a Na adresnej časti uvedené: "4382"
|
| 520 |
8 |
|
|a Zobrazenie: Pohľad na ulicu, lemovanú z oboch strán domami. V rade domov na pravo sa čneje veža kostola sv. Alžbety. V popredí v strede cesty sú dvaja chlapci a vpravom dolnom rohu je povoz, ťahaný dvoma koňmi a sedí na ňom jeden muž. V pozadí na strede cesty je ďalší povoz a vpravo pri ňom stojí človek
|
| 610 |
2 |
7 |
|a Kostol sv. Alžbety (Banská Bystrica, Slovensko)
|2 SNKKA
|9 227123
|
| 650 |
0 |
7 |
|a budovy
|2 SNKPH
|9 1283
|
| 650 |
0 |
7 |
|a ulice
|2 SNKPH
|9 2938
|
| 650 |
0 |
7 |
|a kostoly
|2 SNKPH
|9 3023
|
| 650 |
0 |
7 |
|a kláštory
|2 SNKPH
|9 3024
|
| 650 |
0 |
7 |
|a kultúrne pamiatky
|2 SNKPH
|9 2862
|
| 651 |
|
7 |
|a Banská Bystrica (Slovensko)
|2 SNKPHgeo
|9 22015
|
| 655 |
|
7 |
|a miestne pohľadnice
|2 SNKPH
|9 70510
|
| 655 |
|
7 |
|a pohľadnice kultúrnych pamiatok
|2 SNKPH
|9 70523
|
| 852 |
|
|
|a Slovenská národná knižnica
|
| 958 |
|
|
|a GBN
|
| 958 |
|
|
|a ONDV
|
| 958 |
|
|
|a GC
|
| 999 |
|
|
|c 1194968
|d 1196898
|
| 952 |
|
|
|a SNK
|b SNK
|y PREZ
|7 0
|p 17A1211395
|o snkSP 11271
|z Pohľadnica prešla poštou.
|0 0
|1 0
|4 0
|d 2016-12-07
|f 1
|l 0
|r 2026-02-24 22:23:45
|w 2026-02-24
|